| 000 | 00338nam a2200133Ia 4500 | ||
|---|---|---|---|
| 005 | 20260328101526.0 | ||
| 008 | 260328s9999||||xx |||||||||||||| ||und|| | ||
| 100 | _aHolland, D.K. | ||
| 245 | 0 |
_aDesign Issues : _b How Graphic Design Informs Society / _cD.K. Holland |
|
| 260 | _bAllworth | ||
| 300 | _a262 p. | ||
| 650 | _aARTE | ||
| 942 | _cBK | ||
| 999 |
_c9806 _d9806 |
||